| 000 | 00331nam a2200121Ia 4500 | ||
|---|---|---|---|
| 008 | 210430s9999 xx 000 0 und d | ||
| 082 | _a912 G342 G | ||
| 100 |
_aH.F.Ullmann _953902 |
||
| 245 |
_aGeographica World Atlas &Encyclopedia _cH.F.Ullmann |
||
| 260 |
_aRQANDOM HOUSE _bAustralia _c2007 |
||
| 300 | _a610p | ||
| 942 |
_cBK _2ddc |
||
| 999 |
_c564259 _d564259 |
||